• 首页
  • 本馆介绍
  • 公告通知
  • 最新文献
  • 馆藏检索
  • 电子资源
  • 读者导购
  • 参考咨询
  • 我的图书馆
  • 登录
  • 详细信息显示
  • 放入我的书架
  • 预约/预借图书
  • 作者相关作品
  • 分类相关作品
  • 丛书相关作品
  • 出版社相关作品

书目信息

  • 表格格式
  • 工作单格式
  • 卡片格式
题名:
干部档案工作培训教材
    
 
作者: ;中共河北省委组织部《干部档案工作培训教材》编写组
分册:  
出版信息: 不详   不详  1989
页数: 240页
开本: 20cm
丛书名:
单 册:
中图分类: G27
科图分类:
主题词: 档案学 , 档案工作
电子资源:
ISBN:
000 00752nam0 2200193 450
001 0738855349
005 20070804162014.29
010    @d不详
100    @a20070804d1989 km y0chiy0120 ea
101 0  @achi
200 1  @a干部档案工作培训教材@Agan bu dang an gong zuo pei xun jiao cai@f中共河北省委组织部《干部档案工作培训教材》编写组@Fzhong gong he bei sheng wei zu zhi bu《gan bu dang an gong zuo pei xun jiao cai》bian xie zu
210    @a不详@c不详@d1989
215    @a240页@d20cm
606 0  @a档案学
606 0  @a档案工作
690    @aG27@v3
711 02 @a中共河北省委组织部《干部档案工作培训教材》编写组@Azhong gong he bei sheng wei zu zhi bu《gan bu dang an gong zuo pei xun jiao cai》bian xie zu
801  0 @aCN@bPFT@c20070804
905    @a10447@dG27@e56
    
    干部档案工作培训教材/中共河北省委组织部《干部档案工作培训教材》编写组.-不详:不详,1989
    240页;20cm
    
    
    ISBN :不详
    
●
相关链接 在E读中查询图书 在五车中查询图书 在当当中查询图书 在豆瓣中查询图书


正题名:干部档案工作培训教材     索取号:G27/56         预约/预借

序号 登录号 条形码 馆藏地/架位号 状态 备注
1 0791434   207914346   第一样本阅览室/ [索取号:G27/56] 在馆    
唐山师范学院图书馆 欢迎您!
大连网信软件有限公司© 版权所有